000 00427nam a2200169 4500
005 20260511101803.0
008 260511b |||||||| |||| 00| 0 eng d
020 _a978142544196
082 _a150
_bBEC-C
100 _aBeckS.Judith
245 _aCognitive Behaviour Therapy
_bBasics And Beyond
250 _a3rd Ed
260 _aNew York
_bThe Guilford Press
300 _a434p
650 _aPsychology
942 _cBK
999 _c47558
_d47558